00551nam a2200193Ia 4500008004100000020001800041050001400059100001800073245003700091245008300128260001500211260001600226260000900242300001500251300002700266300001000293440004600303500000800349170918s9999 xx 000 0 und d a9780590434119 bD121 1990 aDadey, Debbie aVampires don't wear polka dots / cby Debbie Dadey and Marcia Thorthon Jones ; illustrated by John Steven Gurney. aNew York : bScholastic, c1990 a78 pages : bcolored illustration ; c19cm. aThe adventures of the Bailey school kids. a600